Boussole / (Record no. 6752)

MARC details
000 -LEADER
fixed length control field 01247nam a22002297a 4500
001 - CONTROL NUMBER
control field 6752
003 - CONTROL NUMBER IDENTIFIER
control field FISKH
005 - DATE AND TIME OF LATEST TRANSACTION
control field 20250523162153.0
008 - FIXED-LENGTH DATA ELEMENTS--GENERAL INFORMATION
fixed length control field 250523b cb ||||| |||| 00| 0 eng d
020 ## - INTERNATIONAL STANDARD BOOK NUMBER
International Standard Book Number 9782330053123
040 ## - CATALOGING SOURCE
Original cataloging agency FISKH
Language of cataloging French
Transcribing agency FISKH
Modifying agency FISKH
050 ## - LIBRARY OF CONGRESS CALL NUMBER
Classification number PQ2705.N273 B6813
082 ## - DEWEY DECIMAL CLASSIFICATION NUMBER
Classification number 843.92
100 ## - MAIN ENTRY--PERSONAL NAME
Personal name Enard, Mathias
245 ## - TITLE STATEMENT
Title Boussole /
Statement of responsibility, etc. By Mathias Enard
260 ## - PUBLICATION, DISTRIBUTION, ETC.
Place of publication, distribution, etc. Arles :
Name of publisher, distributor, etc. Actes Sud ,
Date of publication, distribution, etc. 2015.
300 ## - PHYSICAL DESCRIPTION
Extent 377 pages :
Other physical details illustrations ;
Dimensions 24 cm .
520 ## - SUMMARY, ETC.
Summary, etc. "As night falls over Vienna, Franz Ritter, an insomniac musicologist, takes to his sickbed with an unspecified illness and spends a restless night drifting between dreams and memories, revisiting the important chapters of his life: his ongoing fascination with the Middle East and his numerous travels to Istanbul, Aleppo, Damascus, and Tehran, as well as the various writers, artists, musicians, academics, orientalists, and explorers who populate this vast dreamscape. At the center of these memories is his elusive, unrequited love, Sarah, a fiercely intelligent French scholar caught in the intricate tension between Europe and the Middle East"--Amazon.com.
650 ## - SUBJECT ADDED ENTRY--TOPICAL TERM
Topical term or geographic name entry element Orientalism
Form subdivision Fiction
942 ## - ADDED ENTRY ELEMENTS (KOHA)
Source of classification or shelving scheme Dewey Decimal Classification
Koha item type Books
Suppress in OPAC No
Holdings
Withdrawn status Lost status Source of classification or shelving scheme Damaged status Not for loan Collection Home library Current library Shelving location Date acquired Total Checkouts Full call number Barcode Date last seen Price effective from Koha item type
    Dewey Decimal Classification     Fiction Footprints International School Library Network Toul Tom Poung Campus Footprints International School Library Network Toul Tom Poung Campus TTP Secondary Fiction Bookshelves 05/23/2025   ENA 843.92 PQ2705.N273 B6813 2025-1394 05/23/2025 05/23/2025 Books